The long-term retention of knowledge and skills : a cognitive and instructional perspective
Saved in:
| Main Author: | |
|---|---|
| Corporate Authors: | , |
| Format: | Book |
| Language: | English |
| Published: |
New York :
Springer-Verlag,
c1987
|
| Series: | Recent research in psychology
|
| Subjects: | |
| Tags: |
Add Tag
No Tags, Be the first to tag this record!
|
MARC
| LEADER | 00000cam a2200000 i 4500 | ||
|---|---|---|---|
| 001 | 1/78919 | ||
| 008 | 980828s1987 eng d | ||
| 020 | |a 0-387-96531-9 | ||
| 035 | |l 10033048 | ||
| 035 | |a 1988 |b 2 |c Πολεμικός | ||
| 040 | |a GR-MY-UA |b gre |e aacr | ||
| 041 | 0 | |a eng | |
| 082 | 0 | |a 153.12 |2 (19) | |
| 100 | 1 | |a Farr, Marshall J. | |
| 245 | 1 | 4 | |a The long-term retention of knowledge and skills : |b a cognitive and instructional perspective / |c Marshall J. Farr |
| 260 | |a New York : |b Springer-Verlag, |c c1987 | ||
| 300 | |a [146] p. | ||
| 490 | 1 | |a Recent research in psychology | |
| 500 | |a "Prepared for the Under Secretary of Defense for Research and Engineering, U.S. Department of Defense, and the Institute for Defense Analyses 'IDA', Alexandria, Virginia"-- | ||
| 650 | 0 | 0 | |a Memory. |
| 650 | 0 | 0 | |a Learning, Psychology of. |
| 710 | 1 | |a United States |b Office of the Under Secretary of Defense for Research and Engineering. | |
| 710 | 2 | |a Institute for Defense Analyses. | |
| 830 | 0 | |a Recent research in psychology | |
| 852 | |a INST |b RHODES |e 19980828 |h 153.12 FAR |p 005400003639 |q 005400003639 |t BK |y 0 | ||
| 909 | |a Ρ |b 011715 |c 1988 | ||